Sororities of America - Statistics

General Stats
  • This quiz has been taken 36 times
  • The average score is 14 of 38
Answer Stats
Year Founded Answer % Correct
1851 ΑΔΠ
86%
1872 ΑΦ
82%
1888 ΔΔΔ
82%
1898 ΖΤΑ
82%
1873 ΔΓ
79%
1870 ΚΚΓ
79%
1897 ΚΔ
75%
1885 ΑΧΩ
71%
1895 ΧΩ
71%
1870 ΚΑΘ
61%
1852 ΦΜ
61%
1902 ΔΖ
57%
1867 ΠΒΦ
57%
1898 ΣΣΣ
57%
1904 ΑΓΔ
54%
1874 ΓΦΒ
54%
1897 ΑΟΠ
46%
1874 ΣΚ
43%
1893 ΑΞΔ
39%
1917 ΔΦΕ
36%
1909 ΑΕΦ
25%
1908 ΑΚΑ
25%
1913 ΦΣΣ
21%
1901 ΑΣΑ
14%
1899 ΑΣΤ
14%
1913 ΔΣΘ
11%
1922 ΣΓΡ
7%
1912 ΘΦΑ
7%
1920 ΖΦΒ
7%
1917 ΚΒΓ
4%
1925 ΦΑΧ
0%
1919 ΦΔ
0%
1921 ΦΜΓ
0%
1903 ΣΙΧ
0%
1924 ΣΣΔ
0%
1920 ΣΣΟ
0%
1921 ΖΜΕ
0%
2008 ΔΦN
0%
No matching quizzes found
Score Distribution
Percent of People with Each Score
Percentile by Number Answered
Your Score History
You have not taken this quiz